| 000 | 00887nam a2200289 i 4500 | ||
|---|---|---|---|
| 001 | bg | ||
| 003 | BPK | ||
| 005 | 20191002090817.0 | ||
| 008 | 090310s2008 uk f f |000 0 eng d | ||
| 020 | _a9780230021563 | ||
| 040 | _cBPK | ||
| 041 | 0 | _aeng | |
| 044 | _aGBR | ||
| 080 | _a811.111 | ||
| 080 | _a33 | ||
| 080 | _a(07) | ||
| 245 | 0 | 0 |
_aThe Business : _bpre-intermediate : student's book / _cKaren Richardson [et al.]. |
| 246 | 3 | 0 | _aBusiness |
| 260 |
_aOxford : _bMacmillan Publishers, _ccop. 2008. |
||
| 300 |
_a159 s. : _bil. kolor. ; _c30 cm _e1 dysk optyczny (DVD ROM). |
||
| 650 | 4 |
_aJęzyk angielski _xpoziom średnio zaawansowany. |
|
| 650 | 4 |
_aNauki ekonomiczne _xterminologia |
|
| 655 | 4 | _aPodręcznik | |
| 700 | 1 | _aRichardson, Karen. | |
| 942 |
_cKS _2UKD |
||
| 999 |
_c56531 _d56531 |
||